• 首页
  • 本馆介绍
  • 公告通知
  • 最新文献
  • 馆藏检索
  • 电子资源
  • 读者导购
  • 参考咨询
  • 我的图书馆
  • 登录
  • 详细信息显示
  • 放入我的书架
  • 预约/预借图书
  • 作者相关作品
  • 分类相关作品
  • 丛书相关作品
  • 出版社相关作品

书目信息

  • 表格格式
  • 工作单格式
  • 卡片格式
题名:
福尔马尔文选
    
 
作者: 福尔马尔 著
分册:  
出版信息: 北京   人民出版社  1983
页数: 374页
开本: 21cm
丛书名:
单 册:
中图分类: D095.16
科图分类:
主题词: 政治思想史--德国
电子资源:
ISBN:
000 00676nam0 2200253 45
001 0183005512
005 20040429141436.0
010    @dCNY2.05
091    @a3001.1910
100    @a19950511d1983 emky0chiy0121 ea
101 1  @achi@cger
102    @aCN@b110000
105    @ay z 000yy
106    @ar
200 10 @a福尔马尔文选@Afu er ma er wen xuan@f(德)福尔马尔著
210    @a北京@c人民出版社@d1983
215    @a374页@d21cm
600  1 @a福尔马尔文@bG.H.V.@x文集
606    @a政治思想史@y德国
690    @aD095.16@v3
701  1 @a福尔马尔@Afu er ma er@4著
801  0 @aCN@b上海图书馆@c20040429
801  2 @aCN@bNLC@c20040429
905    @f2@b124007-008@dD095.16@e25
    
    福尔马尔文选/(德)福尔马尔著.-北京:人民出版社,1983
    374页;21cm
    
    
    ISBN :CNY2.05
    
●
相关链接 在E读中查询图书 在五车中查询图书 在当当中查询图书 在豆瓣中查询图书


正题名:福尔马尔文选     索取号:D095.16/25         预约/预借

序号 登录号 条形码 馆藏地/架位号 状态 备注
1 0124007   001018669   密集书库/ [索取号:D095.16/25] 在馆    
2 0124008   001018794   密集书库/ [索取号:D095.16/25] 在馆    
3 0124009   001019631   第一样本阅览室/ [索取号:D095.16/25] 在馆    
唐山师范学院图书馆 欢迎您!
大连网信软件有限公司© 版权所有